[Event "Grand Swiss "]
[Date "2025.09.04"]
[White "Xiong, Jeffery"]
[Black "Praggnanandhaa R"]
[WhiteElo "2640"]
[BlackElo "2785"]
[Round "1.1.1"]
[Result "1/2-1/2"]

1. e4 {[%clk 01:40:56] [%emt 00:00:03]} e6 {[%clk 01:40:01] [%emt 00:01:00]} 2.
d4 {[%clk 01:41:01] [%emt 00:00:24]} d5 {[%clk 01:40:22] [%emt 00:00:09]} 3.
exd5 {[%clk 01:40:31] [%emt 00:01:01]} exd5 {[%clk 01:40:47] [%emt 00:00:06]} 4.
Nf3 {[%clk 01:40:34] [%emt 00:00:27]} Nc6 {[%clk 01:41:01] [%emt 00:00:16]} 5.
Bb5 {[%clk 01:40:06] [%emt 00:00:57]} Bd6 {[%clk 01:39:18] [%emt 00:02:14]} 6.
c4 {[%clk 01:40:13] [%emt 00:00:22]} dxc4 {[%clk 01:37:42] [%emt 00:02:07]} 7.
d5 {[%clk 01:40:27] [%emt 00:00:15]} a6 {[%clk 01:37:12] [%emt 00:01:01]} 8.
Bxc4 {[%clk 01:40:45] [%emt 00:00:12]} Qe7+ {[%clk 01:29:42] [%emt 00:08:00]} 9.
Be2 {[%clk 01:40:50] [%emt 00:00:24]} Ne5 {[%clk 01:28:38] [%emt 00:01:35]} 10.
O-O {[%clk 01:41:09] [%emt 00:00:10]} Nf6 {[%clk 01:26:13] [%emt 00:02:55]} 11.
Re1 {[%clk 01:41:25] [%emt 00:00:13]} O-O {[%clk 01:24:03] [%emt 00:02:41]} 12.
Bf4 {[%clk 01:41:37] [%emt 00:00:18]} Nxf3+ {[%clk 00:54:19] [%emt 00:30:15]}
13. Bxf3 {[%clk 01:42:02] [%emt 00:00:04]} Qd8 {[%clk 00:54:44] [%emt 00:00:06]}
14. Bxd6 {[%clk 01:42:03] [%emt 00:00:28]} Qxd6 {[%clk 00:54:32] [%emt
00:00:42]} 15. Nd2 {[%clk 01:41:59] [%emt 00:00:33]} Rd8 {[%clk 00:52:02] [%emt
00:03:02]} 16. Rc1 {[%clk 01:38:47] [%emt 00:03:41]} Bd7 {[%clk 00:40:30] [%emt
00:12:03]} 17. Nc4 {[%clk 01:33:15] [%emt 00:06:00]} Qf8 {[%clk 00:40:28] [%emt
00:00:33]} 18. Qb3 {[%clk 01:27:51] [%emt 00:05:54]} Rab8 {[%clk 00:38:30] [%emt
00:02:29]} 19. h3 {[%clk 01:19:20] [%emt 00:08:59]} h6 {[%clk 00:37:11] [%emt
00:01:50]} 20. Qc3 {[%clk 01:13:03] [%emt 00:06:46]} Qc5 {[%clk 00:27:37] [%emt
00:10:04]} 21. Re5 {[%clk 01:03:00] [%emt 00:10:32]} b5 {[%clk 00:21:13] [%emt
00:06:55]} 22. Na5 {[%clk 00:57:32] [%emt 00:05:58]} Qxc3 {[%clk 00:18:35] [%emt
00:03:09]} 23. Rxc3 {[%clk 00:57:59] [%emt 00:00:03]} Ne8 {[%clk 00:18:52] [%emt
00:00:13]} 24. b4 {[%clk 00:42:19] [%emt 00:16:10]} Kf8 {[%clk 00:17:58] [%emt
00:01:24]} 25. Re1 {[%clk 00:40:52] [%emt 00:01:56]} Rb6 {[%clk 00:16:08] [%emt
00:02:21]} 26. Kh2 {[%clk 00:39:52] [%emt 00:01:30]} Bc8 {[%clk 00:13:07] [%emt
00:03:31]} 27. Nc6 {[%clk 00:35:52] [%emt 00:04:30]} Rd6 {[%clk 00:13:29] [%emt
00:00:08]} 28. Ne5 {[%clk 00:33:40] [%emt 00:02:42]} Rd8 {[%clk 00:12:36] [%emt
00:01:24]} 29. Nc6 {[%clk 00:26:56] [%emt 00:07:13]} Rd6 {[%clk 00:12:55] [%emt
00:00:12]} 30. Ne5 {[%clk 00:20:31] [%emt 00:06:54]} Rd8 {[%clk 00:13:18] [%emt
00:00:07]} 31. Nc6 {[%clk 00:12:35] [%emt 00:08:25]} 1/2-1/2

[Site "Europe Echecs"]

[Event "Grand Swiss "]
[Date "2025.09.04"]
[White "Bacrot, Etienne"]
[Black "Gukesh D"]
[WhiteElo "2637"]
[BlackElo "2767"]
[Round "1.1.3"]
[Result "0-1"]

1. e4 {[%clk 01:40:57] [%emt 00:00:02]} c6 {[%clk 01:40:54] [%emt 00:00:07]} 2.
d4 {[%clk 01:41:16] [%emt 00:00:11]} d5 {[%clk 01:41:18] [%emt 00:00:06]} 3. e5
{[%clk 01:41:42] [%emt 00:00:04]} Bf5 {[%clk 01:41:42] [%emt 00:00:06]} 4. Nf3
{[%clk 01:42:08] [%emt 00:00:04]} e6 {[%clk 01:41:55] [%emt 00:00:17]} 5. Be2
{[%clk 01:42:33] [%emt 00:00:05]} Ne7 {[%clk 01:42:18] [%emt 00:00:08]} 6. O-O
{[%clk 01:42:55] [%emt 00:00:08]} h6 {[%clk 01:41:38] [%emt 00:01:11]} 7. Nbd2
{[%clk 01:40:05] [%emt 00:03:20]} Nd7 {[%clk 01:41:57] [%emt 00:00:10]} 8. Nb3
{[%clk 01:36:05] [%emt 00:04:30]} g5 {[%clk 01:41:46] [%emt 00:00:41]} 9. a4
{[%clk 01:36:30] [%emt 00:00:06]} Bg7 {[%clk 01:42:11] [%emt 00:00:06]} 10. Re1
{[%clk 01:29:24] [%emt 00:07:36]} O-O {[%clk 01:39:58] [%emt 00:02:43]} 11. h3
{[%clk 01:27:13] [%emt 00:02:40]} b6 {[%clk 01:34:56] [%emt 00:05:33]} 12. Be3
{[%clk 01:24:52] [%emt 00:02:52]} Rc8 {[%clk 01:29:27] [%emt 00:05:58]} 13. a5
{[%clk 01:06:25] [%emt 00:18:56]} c5 {[%clk 01:27:26] [%emt 00:02:32]} 14. Ba6
{[%clk 01:01:00] [%emt 00:05:56]} Rc7 {[%clk 01:24:39] [%emt 00:03:17]} 15. axb6
{[%clk 00:58:48] [%emt 00:02:42]} axb6 {[%clk 01:25:05] [%emt 00:00:05]} 16. c3
{[%clk 00:55:43] [%emt 00:03:34]} cxd4 {[%clk 00:56:00] [%emt 00:29:35]} 17.
Nbxd4 {[%clk 00:45:31] [%emt 00:10:42]} Be4 {[%clk 00:52:28] [%emt 00:04:01]}
18. Nd2 {[%clk 00:42:49] [%emt 00:03:11]} Bg6 {[%clk 00:43:38] [%emt 00:09:21]}
19. Nb5 {[%clk 00:41:14] [%emt 00:02:06]} Rc6 {[%clk 00:43:00] [%emt 00:01:08]}
20. Nd4 {[%clk 00:36:53] [%emt 00:04:51]} Rc5 {[%clk 00:41:43] [%emt 00:01:48]}
21. N4f3 {[%clk 00:35:02] [%emt 00:02:20]} Ra5 {[%clk 00:41:03] [%emt 00:01:10]}
22. Bd4 {[%clk 00:34:19] [%emt 00:01:13]} Qc7 {[%clk 00:40:22] [%emt 00:01:11]}
23. Qe2 {[%clk 00:21:23] [%emt 00:13:27]} Rxa1 {[%clk 00:36:19] [%emt 00:04:33]}
24. Rxa1 {[%clk 00:21:51] [%emt 00:00:01]} Ra8 {[%clk 00:36:43] [%emt 00:00:06]}
25. Re1 {[%clk 00:18:56] [%emt 00:03:24]} Nc5 {[%clk 00:29:12] [%emt 00:08:00]}
26. Bb5 {[%clk 00:15:09] [%emt 00:04:17]} Ra2 {[%clk 00:29:24] [%emt 00:00:19]}
27. Nf1 {[%clk 00:15:04] [%emt 00:00:35]} Be4 {[%clk 00:29:01] [%emt 00:00:53]}
28. Ng3 {[%clk 00:14:28] [%emt 00:01:06]} Ng6 {[%clk 00:29:19] [%emt 00:00:12]}
29. Nh5 {[%clk 00:09:04] [%emt 00:05:54]} Bh8 {[%clk 00:28:12] [%emt 00:01:37]}
30. Nd2 {[%clk 00:05:39] [%emt 00:03:55]} Rxb2 {[%clk 00:19:54] [%emt 00:08:48]}
31. Ra1 {[%clk 00:04:46] [%emt 00:01:24]} Qc8 {[%clk 00:13:24] [%emt 00:07:00]}
32. c4 {[%clk 00:02:20] [%emt 00:02:56]} Rxd2 {[%clk 00:12:54] [%emt 00:00:59]}
33. Qxd2 {[%clk 00:02:47] [%emt 00:00:03]} Nb3 {[%clk 00:13:20] [%emt 00:00:04]}
34. Qe3 {[%clk 00:03:01] [%emt 00:00:16]} Nxd4 {[%clk 00:12:16] [%emt 00:01:35]}
35. Qxd4 {[%clk 00:03:29] [%emt 00:00:02]} Bxe5 {[%clk 00:12:39] [%emt
00:00:07]} 36. Qd1 {[%clk 00:02:21] [%emt 00:01:38]} dxc4 {[%clk 00:12:19] [%emt
00:00:51]} 37. Ra4 {[%clk 00:00:57] [%emt 00:01:55]} Bd5 {[%clk 00:11:08] [%emt
00:01:41]} 38. Qe2 {[%clk 00:00:49] [%emt 00:00:38]} c3 {[%clk 00:10:30] [%emt
00:01:08]} 39. Bd3 {[%clk 00:01:10] [%emt 00:00:09]} Qc7 {[%clk 00:09:14] [%emt
00:01:46]} 40. Bc2 {[%clk 00:00:59] [%emt 00:00:42]} Bh2+ {[%clk 00:03:02] [%emt
00:06:41]} 41. Kf1 {[%clk 00:42:29] [%emt 00:09:00]} Be5 {[%clk 00:52:12] [%emt
00:01:20]} 42. Kg1 {[%clk 00:40:53] [%emt 00:02:05]} Kf8 {[%clk 00:44:29] [%emt
00:08:13]} 43. Qd3 {[%clk 00:35:11] [%emt 00:06:12]} Nh4 {[%clk 00:42:36] [%emt
00:02:23]} 44. f3 {[%clk 00:34:48] [%emt 00:00:53]} Qc5+ {[%clk 00:41:28] [%emt
00:01:39]} 45. Kf1 {[%clk 00:34:09] [%emt 00:01:09]} Nf5 {[%clk 00:39:40] [%emt
00:02:18]} 0-1

[Site "Europe Echecs"]

[Event "Grand Swiss "]
[Date "2025.09.04"]
[White "Firouzja, Alireza"]
[Black "Amin, Bassem"]
[WhiteElo "2754"]
[BlackElo "2636"]
[Round "1.1.4"]
[Result "1-0"]

1. Nf3 {[%clk 01:40:58] [%emt 00:00:01]} Nf6 {[%clk 01:39:09] [%emt 00:01:51]}
2. c4 {[%clk 01:41:19] [%emt 00:00:10]} g6 {[%clk 01:35:20] [%emt 00:04:19]} 3.
Nc3 {[%clk 01:41:41] [%emt 00:00:07]} Bg7 {[%clk 01:35:35] [%emt 00:00:16]} 4.
e4 {[%clk 01:42:04] [%emt 00:00:07]} d6 {[%clk 01:31:52] [%emt 00:04:14]} 5. d4
{[%clk 01:42:26] [%emt 00:00:08]} O-O {[%clk 01:32:17] [%emt 00:00:05]} 6. Be2
{[%clk 01:42:50] [%emt 00:00:06]} e5 {[%clk 01:32:43] [%emt 00:00:05]} 7. d5
{[%clk 01:43:13] [%emt 00:00:07]} a5 {[%clk 01:29:52] [%emt 00:03:21]} 8. h3
{[%clk 01:43:32] [%emt 00:00:11]} Na6 {[%clk 01:28:32] [%emt 00:01:50]} 9. Bg5
{[%clk 01:43:52] [%emt 00:00:09]} Qe8 {[%clk 01:24:39] [%emt 00:04:23]} 10. g4
{[%clk 01:43:57] [%emt 00:00:24]} Nd7 {[%clk 01:24:18] [%emt 00:00:50]} 11. Rg1
{[%clk 01:35:01] [%emt 00:09:27]} Ndc5 {[%clk 01:21:24] [%emt 00:03:25]} 12. h4
{[%clk 01:34:38] [%emt 00:00:53]} Kh8 {[%clk 01:17:55] [%emt 00:03:59]} 13. Be3
{[%clk 01:34:38] [%emt 00:00:30]} f5 {[%clk 01:15:31] [%emt 00:02:54]} 14. gxf5
{[%clk 01:34:40] [%emt 00:00:28]} gxf5 {[%clk 01:15:59] [%emt 00:00:03]} 15. Ng5
{[%clk 01:33:41] [%emt 00:01:27]} Qe7 {[%clk 01:03:41] [%emt 00:12:48]} 16. Bh5
{[%clk 01:23:36] [%emt 00:10:34]} fxe4 {[%clk 00:56:01] [%emt 00:08:11]} 17. Kd2
{[%clk 01:12:36] [%emt 00:11:30]} Bf5 {[%clk 00:49:21] [%emt 00:07:10]} 18. Bg4
{[%clk 01:11:54] [%emt 00:01:11]} Qf6 {[%clk 00:47:38] [%emt 00:02:13]} 19. Bxf5
{[%clk 01:01:34] [%emt 00:10:51]} Qxf5 {[%clk 00:48:06] [%emt 00:00:03]} 20. Qg4
{[%clk 00:52:08] [%emt 00:09:55]} Bh6 {[%clk 00:35:51] [%emt 00:12:46]} 21. Qxf5
{[%clk 00:38:05] [%emt 00:14:33]} Rxf5 {[%clk 00:36:08] [%emt 00:00:12]} 22. Rg4
{[%clk 00:36:26] [%emt 00:02:08]} Raf8 {[%clk 00:27:01] [%emt 00:09:37]} 23.
Rag1 {[%clk 00:32:53] [%emt 00:04:04]} Bxg5 {[%clk 00:26:31] [%emt 00:01:00]}
24. Rxg5 {[%clk 00:13:41] [%emt 00:19:42]} Rxg5 {[%clk 00:26:05] [%emt
00:00:56]} 25. hxg5 {[%clk 00:12:53] [%emt 00:01:19]} Kg7 {[%clk 00:25:48] [%emt
00:00:46]} 26. b3 {[%clk 00:07:04] [%emt 00:06:19]} b6 {[%clk 00:25:40] [%emt
00:00:38]} 27. Rb1 {[%clk 00:05:57] [%emt 00:01:36]} Kg6 {[%clk 00:22:12] [%emt
00:03:59]} 28. a3 {[%clk 00:05:54] [%emt 00:00:33]} Kf5 {[%clk 00:20:35] [%emt
00:02:07]} 29. b4 {[%clk 00:04:17] [%emt 00:02:08]} axb4 {[%clk 00:20:03] [%emt
00:01:01]} 30. axb4 {[%clk 00:04:43] [%emt 00:00:04]} Nd3 {[%clk 00:19:26] [%emt
00:01:07]} 31. Rh1 {[%clk 00:01:54] [%emt 00:03:19]} Rf7 {[%clk 00:13:51] [%emt
00:06:05]} 32. f3 {[%clk 00:01:30] [%emt 00:00:54]} Nb2 {[%clk 00:08:18] [%emt
00:06:03]} 33. fxe4+ {[%clk 00:01:20] [%emt 00:00:40]} Kg4 {[%clk 00:05:17]
[%emt 00:03:30]} 34. Kc2 {[%clk 00:01:14] [%emt 00:00:36]} Nxc4 {[%clk 00:03:45]
[%emt 00:02:03]} 35. Bc1 {[%clk 00:01:41] [%emt 00:00:03]} b5 {[%clk 00:01:52]
[%emt 00:02:23]} 36. Kb3 {[%clk 00:01:46] [%emt 00:00:25]} Nb6 {[%clk 00:01:17]
[%emt 00:01:05]} 37. Nxb5 {[%clk 00:02:01] [%emt 00:00:14]} Rf3+ {[%clk
00:00:37] [%emt 00:01:09]} 38. Nc3 {[%clk 00:02:14] [%emt 00:00:17]} Rh3 {[%clk
00:00:43] [%emt 00:00:25]} 39. Rxh3 {[%clk 00:01:05] [%emt 00:01:39]} Kxh3
{[%clk 00:01:12] [%emt 00:00:01]} 40. Be3 {[%clk 00:00:59] [%emt 00:00:36]} Kg4
{[%clk 00:01:31] [%emt 00:00:11]} 41. Na4 {[%clk 00:34:56] [%emt 00:16:33]} Nd7
{[%clk 00:39:14] [%emt 00:12:46]} 42. Kc4 {[%clk 00:26:55] [%emt 00:08:31]} Kf3
{[%clk 00:39:18] [%emt 00:00:26]} 43. b5 {[%clk 00:24:08] [%emt 00:03:18]} Nab8
{[%clk 00:38:19] [%emt 00:01:30]} 44. Kd3 {[%emt 00:08:23]} Nf8 {[%clk 00:32:28]
[%emt 00:00:34]} 45. Bd2 {[%clk 00:20:22] [%emt 00:02:09]} Ng6 {[%clk 00:32:16]
[%emt 00:00:43]} 46. Ba5 {[%clk 00:20:24] [%emt 00:00:27]} Nf4+ {[%clk 00:29:43]
[%emt 00:03:03]} 47. Kc4 {[%clk 00:20:41] [%emt 00:00:13]} Kxe4 {[%clk 00:29:50]
[%emt 00:00:23]} 48. Bxc7 {[%clk 00:20:58] [%emt 00:00:12]} Nd7 {[%clk 00:30:13]
[%emt 00:00:08]} 49. Bxd6 {[%clk 00:12:59] [%emt 00:08:29]} Kf5 {[%clk 00:20:21]
[%emt 00:10:22]} 50. Bc7 {[%clk 00:07:19] [%emt 00:06:10]} Ng2 {[%clk 00:17:07]
[%emt 00:03:44]} 51. d6 {[%clk 00:06:42] [%emt 00:01:07]} Ne3+ {[%clk 00:14:49]
[%emt 00:02:48]} 52. Kd3 {[%emt 00:03:57]} Nd5 {[%clk 00:13:28] [%emt 00:01:36]}
53. Nc5 {[%clk 00:02:38] [%emt 00:01:21]} Nxc5+ {[%clk 00:08:26] [%emt
00:05:33]} 54. Kc4 {[%clk 00:03:04] [%emt 00:00:05]} Nd7 {[%clk 00:08:26] [%emt
00:00:29]} 55. Kxd5 {[%clk 00:03:29] [%emt 00:00:05]} e4 {[%clk 00:08:53] [%emt
00:00:02]} 56. Ba5 {[%clk 00:01:22] [%emt 00:02:37]} e3 {[%clk 00:09:15] [%emt
00:00:09]} 57. b6 {[%clk 00:01:37] [%emt 00:00:15]} e2 {[%clk 00:09:34] [%emt
00:00:11]} 58. b7 {[%clk 00:01:24] [%emt 00:00:43]} Nb8 {[%clk 00:08:35] [%emt
00:01:29]} 59. Bd2 {[%clk 00:00:59] [%emt 00:00:55]} Nd7 {[%clk 00:08:56] [%emt
00:00:10]} 60. Be1 {[%clk 00:00:47] [%emt 00:00:41]} Nb8 {[%clk 00:09:17] [%emt
00:00:09]} 61. Bf2 {[%clk 00:00:36] [%emt 00:00:41]} Nd7 {[%clk 00:14:38] [%emt
00:10:09]} 62. Kc6 {[%clk 00:13:59] [%emt 00:02:06]} Ke6 {[%clk 00:15:00] [%emt
00:00:09]} 63. Kc7 {[%clk 00:14:22] [%emt 00:00:07]} Nc5 {[%clk 00:15:14] [%emt
00:00:16]} 64. Bxc5 {[%clk 00:14:39] [%emt 00:00:13]} e1=Q {[%clk 00:15:37]
[%emt 00:00:07]} 65. b8=Q {[%clk 00:15:03] [%emt 00:00:06]} 1-0

[Site "Europe Echecs"]

[Event "Grand Swiss "]
[Date "2025.09.04"]
[White "Abdusattorov, Nodirbek"]
[Black "Ivic, Velimir"]
[WhiteElo "2748"]
[BlackElo "2630"]
[Round "1.1.6"]
[Result "1-0"]

1. e4 {[%clk 01:40:44] [%emt 00:00:14]} c5 {[%clk 01:40:43] [%emt 00:00:17]} 2.
Nf3 {[%clk 01:40:55] [%emt 00:00:19]} d6 {[%clk 01:40:57] [%emt 00:00:16]} 3. d4
{[%clk 01:40:49] [%emt 00:00:35]} cxd4 {[%clk 01:41:19] [%emt 00:00:08]} 4. Nxd4
{[%clk 01:41:06] [%emt 00:00:13]} Nf6 {[%clk 01:41:42] [%emt 00:00:07]} 5. Nc3
{[%clk 01:41:30] [%emt 00:00:07]} a6 {[%clk 01:42:07] [%emt 00:00:05]} 6. Be2
{[%clk 01:41:18] [%emt 00:00:41]} e5 {[%clk 01:41:18] [%emt 00:01:19]} 7. Nb3
{[%clk 01:41:25] [%emt 00:00:23]} Be7 {[%clk 01:41:19] [%emt 00:00:29]} 8. O-O
{[%clk 01:41:37] [%emt 00:00:19]} O-O {[%clk 01:41:05] [%emt 00:00:44]} 9. Qd3
{[%clk 01:41:43] [%emt 00:00:24]} Be6 {[%clk 01:35:32] [%emt 00:06:03]} 10. Bd2
{[%clk 01:41:22] [%emt 00:00:50]} Nbd7 {[%clk 01:31:15] [%emt 00:04:47]} 11. Nd5
{[%clk 01:41:32] [%emt 00:00:21]} Bxd5 {[%clk 01:29:48] [%emt 00:01:57]} 12.
exd5 {[%clk 01:41:53] [%emt 00:00:09]} b6 {[%clk 01:20:22] [%emt 00:09:56]} 13.
a4 {[%clk 01:36:14] [%emt 00:06:09]} a5 {[%clk 01:11:10] [%emt 00:09:42]} 14.
Kh1 {[%clk 01:32:40] [%emt 00:04:04]} Re8 {[%clk 01:03:43] [%emt 00:07:57]} 15.
Be3 {[%clk 01:28:55] [%emt 00:04:15]} Nc5 {[%clk 00:58:34] [%emt 00:05:39]} 16.
Nxc5 {[%clk 01:25:53] [%emt 00:03:32]} bxc5 {[%clk 00:58:51] [%emt 00:00:13]}
17. f4 {[%clk 01:12:11] [%emt 00:14:11]} Nd7 {[%clk 00:55:08] [%emt 00:04:13]}
18. Qd2 {[%clk 01:10:28] [%emt 00:02:13]} Bf6 {[%clk 00:52:08] [%emt 00:03:30]}
19. c3 {[%clk 01:05:07] [%emt 00:05:51]} exf4 {[%clk 00:50:03] [%emt 00:02:35]}
20. Bxf4 {[%clk 01:05:32] [%emt 00:00:06]} Be5 {[%clk 00:49:30] [%emt 00:01:03]}
21. Bb5 {[%clk 01:05:21] [%emt 00:00:41]} Re7 {[%clk 00:44:05] [%emt 00:05:55]}
22. Be3 {[%clk 01:03:23] [%emt 00:02:28]} Qc7 {[%clk 00:34:32] [%emt 00:10:03]}
23. Bg1 {[%clk 01:00:54] [%emt 00:02:59]} g6 {[%clk 00:29:49] [%emt 00:05:14]}
24. Rae1 {[%clk 00:51:31] [%emt 00:09:53]} f5 {[%clk 00:25:13] [%emt 00:05:06]}
25. b4 {[%clk 00:51:37] [%emt 00:00:24]} cxb4 {[%clk 00:24:45] [%emt 00:00:58]}
26. cxb4 {[%clk 00:51:55] [%emt 00:00:11]} axb4 {[%clk 00:23:04] [%emt
00:02:11]} 27. Qxb4 {[%clk 00:51:48] [%emt 00:00:36]} Nc5 {[%clk 00:20:14] [%emt
00:03:21]} 28. Rc1 {[%clk 00:41:10] [%emt 00:11:08]} Rc8 {[%clk 00:18:15] [%emt
00:02:29]} 29. a5 {[%clk 00:37:08] [%emt 00:04:33]} Qb8 {[%clk 00:16:34] [%emt
00:02:11]} 30. Qc4 {[%clk 00:29:52] [%emt 00:07:45]} Rb7 {[%clk 00:10:16] [%emt
00:06:48]} 31. Bc6 {[%clk 00:26:39] [%emt 00:03:43]} Rb4 {[%clk 00:10:33] [%emt
00:00:14]} 32. Qe2 {[%clk 00:14:55] [%emt 00:12:13]} Nb3 {[%clk 00:09:44] [%emt
00:01:19]} 33. a6 {[%clk 00:14:14] [%emt 00:01:12]} Nxc1 {[%clk 00:10:04] [%emt
00:00:10]} 34. Rxc1 {[%clk 00:14:41] [%emt 00:00:03]} Rb1 {[%clk 00:03:33] [%emt
00:07:02]} 35. Qf1 {[%clk 00:12:12] [%emt 00:02:59]} Rxc1 {[%clk 00:03:54] [%emt
00:00:09]} 36. Qxc1 {[%clk 00:12:36] [%emt 00:00:05]} Qb3 {[%clk 00:03:27] [%emt
00:00:58]} 37. a7 {[%clk 00:12:51] [%emt 00:00:15]} Qa2 {[%clk 00:03:39] [%emt
00:00:17]} 38. Qd1 {[%clk 00:10:33] [%emt 00:02:47]} Kg7 {[%clk 00:00:35] [%emt
00:03:36]} 39. Qa4 {[%clk 00:10:29] [%emt 00:00:33]} Qxa4 {[%clk 00:00:46] [%emt
00:00:19]} 40. Bxa4 {[%clk 00:10:55] [%emt 00:00:04]} Rc1 {[%clk 00:00:57] [%emt
00:00:19]} 41. a8=Q {[%clk 00:10:42] [%emt 00:00:44]} Bd4 {[%clk 00:01:21] [%emt
00:00:05]} 42. h4 {[%clk 00:08:51] [%emt 00:02:21]} Rxg1+ {[%clk 00:40:01] [%emt
00:11:49]} 43. Kh2 {[%clk 00:59:12] [%emt 00:00:09]} Ra1 {[%clk 00:37:45] [%emt
00:02:47]} 44. Qe8 {[%clk 00:53:04] [%emt 00:06:37]} Be5+ {[%clk 00:29:06] [%emt
00:09:09]} 45. g3 {[%clk 00:53:16] [%emt 00:00:18]} Ra2+ {[%clk 00:18:53] [%emt
00:10:43]} 46. Kh1 {[%clk 00:52:46] [%emt 00:00:59]} Ra1+ {[%clk 00:18:15] [%emt
00:01:09]} 47. Kg2 {[%clk 00:53:05] [%emt 00:00:10]} Ra2+ {[%clk 00:18:40] [%emt
00:00:06]} 48. Kh3 {[%clk 00:45:58] [%emt 00:07:36]} Ra3 {[%clk 00:18:22] [%emt
00:00:49]} 49. Qe7+ {[%clk 00:46:24] [%emt 00:00:04]} Kg8 {[%clk 00:18:20] [%emt
00:00:32]} 50. Kg2 {[%clk 00:40:43] [%emt 00:06:10]} Rxg3+ {[%clk 00:08:47]
[%emt 00:10:03]} 51. Kf2 {[%clk 00:40:13] [%emt 00:00:59]} Rg4 {[%clk 00:08:48]
[%emt 00:00:31]} 52. Bd7 {[%clk 00:40:15] [%emt 00:00:28]} h5 {[%clk 00:08:08]
[%emt 00:01:10]} 53. Be6+ {[%clk 00:40:31] [%emt 00:00:14]} Kh8 {[%clk 00:08:34]
[%emt 00:00:05]} 54. Qf7 {[%clk 00:40:58] [%emt 00:00:03]} 1-0

[Site "Europe Echecs"]

[Event "Grand Swiss "]
[Date "2025.09.04"]
[White "Hovhannisyan, Robert"]
[Black "Giri, Anish"]
[WhiteElo "2629"]
[BlackElo "2746"]
[Round "1.1.7"]
[Result "0-1"]

1. e4 {[%clk 01:40:56] [%emt 00:00:03]} c5 {[%clk 01:40:52] [%emt 00:00:08]} 2.
Nf3 {[%clk 01:41:11] [%emt 00:00:15]} d6 {[%clk 01:41:06] [%emt 00:00:16]} 3. d4
{[%clk 01:41:19] [%emt 00:00:22]} cxd4 {[%clk 01:41:29] [%emt 00:00:07]} 4. Nxd4
{[%clk 01:41:44] [%emt 00:00:05]} Nf6 {[%clk 01:41:54] [%emt 00:00:05]} 5. Nc3
{[%clk 01:42:07] [%emt 00:00:08]} a6 {[%clk 01:42:18] [%emt 00:00:06]} 6. Be3
{[%clk 01:42:00] [%emt 00:00:38]} e5 {[%clk 01:40:45] [%emt 00:02:02]} 7. Nb3
{[%clk 01:42:03] [%emt 00:00:27]} Be6 {[%clk 01:40:00] [%emt 00:01:14]} 8. f4
{[%clk 01:41:23] [%emt 00:01:11]} Be7 {[%clk 01:35:32] [%emt 00:04:58]} 9. f5
{[%clk 01:31:51] [%emt 00:10:02]} Bd7 {[%clk 01:35:49] [%emt 00:00:13]} 10. g4
{[%clk 01:30:23] [%emt 00:01:59]} h5 {[%clk 01:18:19] [%emt 00:17:59]} 11. gxh5
{[%clk 01:29:15] [%emt 00:01:38]} Rxh5 {[%clk 01:11:10] [%emt 00:07:39]} 12. Qe2
{[%clk 01:20:07] [%emt 00:09:38]} Bc6 {[%clk 01:10:03] [%emt 00:01:36]} 13.
O-O-O {[%clk 01:17:12] [%emt 00:03:26]} Nbd7 {[%clk 01:08:26] [%emt 00:02:07]}
14. Rg1 {[%clk 01:14:35] [%emt 00:03:07]} Rh7 {[%clk 01:08:14] [%emt 00:00:42]}
15. Nd2 {[%clk 01:02:34] [%emt 00:12:32]} Qc7 {[%clk 01:01:09] [%emt 00:07:34]}
16. Kb1 {[%clk 00:58:42] [%emt 00:04:22]} Rc8 {[%clk 00:50:58] [%emt 00:10:40]}
17. Bg2 {[%clk 00:46:27] [%emt 00:12:46]} b5 {[%clk 00:47:49] [%emt 00:03:39]}
18. Rc1 {[%clk 00:46:11] [%emt 00:00:46]} Rxh2 {[%clk 00:46:13] [%emt 00:02:06]}
19. Nf3 {[%clk 00:42:33] [%emt 00:04:08]} Rh8 {[%clk 00:40:22] [%emt 00:06:20]}
20. Ng5 {[%clk 00:41:48] [%emt 00:01:14]} Nb6 {[%clk 00:40:28] [%emt 00:00:24]}
21. Bxb6 {[%clk 00:31:00] [%emt 00:11:18]} Qxb6 {[%clk 00:40:51] [%emt
00:00:07]} 22. Bf3 {[%clk 00:31:04] [%emt 00:00:27]} b4 {[%clk 00:30:35] [%emt
00:10:46]} 23. Nd5 {[%clk 00:30:36] [%emt 00:00:58]} Bxd5 {[%clk 00:29:37] [%emt
00:01:28]} 24. exd5 {[%clk 00:31:01] [%emt 00:00:05]} a5 {[%clk 00:29:57] [%emt
00:00:11]} 25. Rh1 {[%clk 00:23:49] [%emt 00:07:42]} Rf8 {[%clk 00:23:25] [%emt
00:07:01]} 26. Ne4 {[%clk 00:09:24] [%emt 00:14:56]} Nxe4 {[%clk 00:22:34] [%emt
00:01:21]} 27. Bxe4 {[%clk 00:09:19] [%emt 00:00:35]} Bg5 {[%clk 00:18:54] [%emt
00:04:09]} 28. Rcg1 {[%clk 00:08:23] [%emt 00:01:26]} Bf6 {[%clk 00:19:18] [%emt
00:00:06]} 29. Rg3 {[%clk 00:07:16] [%emt 00:01:36]} Rc3 {[%clk 00:16:36] [%emt
00:03:12]} 30. Rxc3 {[%clk 00:06:53] [%emt 00:00:53]} bxc3 {[%clk 00:17:03]
[%emt 00:00:03]} 31. b3 {[%clk 00:07:20] [%emt 00:00:03]} Ke7 {[%clk 00:16:48]
[%emt 00:00:44]} 32. Qc4 {[%clk 00:03:59] [%emt 00:03:51]} Rh8 {[%clk 00:13:55]
[%emt 00:03:21]} 33. a4 {[%clk 00:04:28] [%emt 00:00:04]} Rxh1+ {[%clk 00:13:32]
[%emt 00:00:52]} 34. Bxh1 {[%clk 00:04:56] [%emt 00:00:01]} Bg5 {[%clk 00:11:31]
[%emt 00:02:31]} 35. Ka2 {[%clk 00:04:07] [%emt 00:01:19]} Qb4 {[%clk 00:08:17]
[%emt 00:03:44]} 36. Be4 {[%clk 00:03:10] [%emt 00:01:26]} Kf6 {[%clk 00:03:49]
[%emt 00:04:58]} 37. Bd3 {[%clk 00:01:10] [%emt 00:02:31]} Bc1 {[%clk 00:03:33]
[%emt 00:00:46]} 38. Kb1 {[%clk 00:01:13] [%emt 00:00:27]} Qxc4 {[%clk 00:03:57]
[%emt 00:00:06]} 39. bxc4 {[%clk 00:00:44] [%emt 00:00:59]} Be3 {[%clk 00:04:12]
[%emt 00:00:14]} 40. c5 {[%clk 00:00:43] [%emt 00:00:33]} Bxc5 {[%clk 00:04:31]
[%emt 00:00:10]} 0-1

[Site "Europe Echecs"]